| 000 | 01137nam a2200265 a 4500 | ||
|---|---|---|---|
| 001 | BRCA_1805 | ||
| 005 | 20190320203545.0 | ||
| 008 | spas1993----mx-a---###---#000-0#spa-# | ||
| 041 | _aspaeng | ||
| 044 | _amx | ||
| 050 | 4 |
_aNA757.M4 _b.C46 1993 |
|
| 245 | 1 | 0 |
_aCentro Histórico de la Ciudad de México _brestauración de edificios, 1988-1994 = Historic Center of Mexico City : building restoration, 1988-1994 _ccuradora Gabriela Lee ; curador Thelma Lazcano Botello ; fotografía Gabriel Figueroa Flores. |
| 260 |
_aMéxico _bColegio de Arquitectos de la Ciudad de Mexico : Sociedad de Arquitectos Mexicanos _c1993 |
||
| 300 |
_a143 p. _bil. (algunas color) _c29 cm. |
||
| 500 | _aColección Sonia Corcuera de Mancera | ||
| 546 | _aTexto en español e inglés | ||
| 610 | 2 | 4 |
_aCentro Histórico _zCiudad de México _95615 |
| 650 | 1 | 4 |
_aDistritos históricos _xConservación y restauración _zMéxico _95616 |
| 651 | 4 |
_aMéxico (Ciudad) _xEdificios, estructuras, etc. _93924 |
|
| 700 | 1 |
_aLee, Gabriela _95617 |
|
| 700 | 1 |
_aLazcano Botello, Thelma _95618 |
|
| 700 | 1 |
_aFigueroa Flores, Gabriel _95619 |
|
| 902 | _aDSC | ||
| 942 |
_2lcc _cB |
||
| 999 |
_c1586 _d1586 |
||